| 000 | 00688cam a22002413a 4500 | ||
|---|---|---|---|
| 001 | 18486 | ||
| 003 | PGUSA | ||
| 005 | 20140828083407.0 | ||
| 008 | 060601s2006||||xxu|||||s|||||000 | eng d | ||
| 040 |
_aPGUSA _beng |
||
| 042 | _adc | ||
| 050 | 4 | _aBR | |
| 100 | 1 |
_aGordon, S. D. _q(Samuel Dickey), _d1859-1936 |
|
| 245 | 1 | 0 |
_aQuiet Talks on Following the Christ _h[electronic resource] / _cS. D. Gordon |
| 260 |
_bProject Gutenberg, _c2006 |
||
| 506 | _aPublic domain in the USA. | ||
| 516 | _aElectronic text | ||
| 653 | _aDevotional literature | ||
| 653 | _aChristian life | ||
| 830 | 0 |
_aProject Gutenberg _v18486 |
|
| 856 | 4 | 0 | _uhttp://www.gutenberg.org/ebooks/18486 |
| 942 | _cEB | ||
| 999 |
_c247741 _d247741 |
||